000 00268nam a22001217a 4500
008 180307b xxu||||| |||| 00| 0 eng d
041 _aeng
080 _a62
100 _a27
101 _aMEK
245 _aMechanics for engineers statics
_cBeer.F,P
942 _2udc
_cBK
999 _c44271
_d44271